000 01677cam a2200313 a 4500
001 13675185
003 NUST
005 20230224093329.0
008 031217r20031912pk b 001 0 eng
010 _a 2003343407
020 _a9693515099
025 _aP-E-2003343407; 17
035 _a(DLC) 2003343407
040 _aDLC
_cDLC
_dDLC
042 _alcode
043 _aa-pk---
050 0 0 _aDS392.N67
_bW95 2003
082 0 0 _a954.912,WHY
_222
100 1 _aWylly, H. C.
_q(Harold Carmichael),
_d1858-1932.
_93756
245 1 0 _aFrom the black mountain to Waziristan /
_cby H.C. Wylly; with an introduction by, Horace L. Smith Dorrien.
260 _aLahore :
_bSang-e-Meel Publications,
_c2003.
300 _a336 p. ;
_c25 cm.
505 _aIntroduction (Page-11), The Bordekland (Page-13), Black Mountain Tribes (Page-27), Yusafzais and Gaduns (Page-46), Yusatzais and Gaduns: Operations (Page-57), Akozais (Swat) (Page-80), Utman Khels (Page-102), Clans Of Bajai7r And Die (Page-110), Chitealis (Page-128), Mohmands (Page-145), Mohmands: Opeeations (Page-155), Afridis (Page-177), Afridis: Operations (Page-189), Khyber Pass Afridis: Operations (Page-202), Orakzais (Page-233), Orakzais: Operations (Page-243), Bangash: Zaimukhts : Chamkannis : Turis (Page-259), Waziristan And Its Tribes (Page-277), Wazirs: Operations (Page-288).
650 0 _aEthnology
_zPakistan
_zKhyber Pakhtunkhwa.
_93757
651 0 _aKhyber Pakhtunkhwa (Pakistan)
_xHistory, Military.
_93758
906 _a7
_bcbc
_corigode
_d3
_encip
_f20
_gy-gencatlg
942 _2ddc
_cBK
_k954.912,WHY
999 _c593428
_d593428